| 000 | 00520nam a22001817a 4500 | ||
|---|---|---|---|
| 003 | OSt | ||
| 005 | 20180116183050.0 | ||
| 008 | 160808b xxu||||| |||| 00| 0 eng d | ||
| 020 | _a0122947606 | ||
| 040 | _c0 | ||
| 082 | _a510.212 GRA 1979 | ||
| 100 | _aI.S.Gradshteyn | ||
| 245 |
_aTabel Of Integrals,Series And Products : _bCorrected and Enlarged Edition _cI.S.Gradshteyn |
||
| 260 |
_aUSA _bAcademic Press _c1979 |
||
| 300 |
_a1160 p. _bHB |
||
| 440 | _aTabel Of Integrals,Series And Products : | ||
| 942 |
_2ddc _cBK |
||
| 999 |
_c351579 _d351579 |
||